| 000 | 00418 a2200145 4500 | ||
|---|---|---|---|
| 040 |
_aDLC _bDLC |
||
| 082 | _a621.381 JON | ||
| 100 | _aJones, Len. | ||
| 245 |
_aBasic Electronics: for tomorrow's world _cLen Jones |
||
| 260 |
_aGreat Britain _bCambridge University Press, _c1996 |
||
| 300 |
_a253 p. : _bill. ; _c24 cm. |
||
| 500 | _aIncludes Index | ||
| 650 | _aElectricity.2.Electronics. | ||
| 942 |
_cBK _k621.381 JOH _2ddc |
||
| 999 |
_c7989 _d7989 |
||